System Simulation (Record no. 25797)

MARC details
000 -LEADER
fixed length control field 00325nam a22001457a 4500
003 - CONTROL NUMBER IDENTIFIER
control field OSt
005 - DATE AND TIME OF LATEST TRANSACTION
control field 20220103142707.0
008 - FIXED-LENGTH DATA ELEMENTS--GENERAL INFORMATION
fixed length control field 220103b |||||||| |||| 00| 0 eng d
020 ## - INTERNATIONAL STANDARD BOOK NUMBER
International Standard Book Number 9788120301405
040 ## - CATALOGING SOURCE
Transcribing agency HU
082 ## - DEWEY DECIMAL CLASSIFICATION NUMBER
Edition number 2nd
Classification number 001.424
100 ## - MAIN ENTRY--PERSONAL NAME
Personal name Gordon
9 (RLIN) 23667
245 ## - TITLE STATEMENT
Title System Simulation
942 ## - ADDED ENTRY ELEMENTS (KOHA)
Source of classification or shelving scheme Dewey Decimal Classification
Koha item type Books like text book referance book
Suppress in OPAC No
Holdings
Withdrawn status Lost status Source of classification or shelving scheme Damaged status Not for loan Home library Current library Shelving location Date acquired Total Checkouts Full call number Barcode Date last seen Copy number Price effective from Koha item type
    Dewey Decimal Classification     IoT Library IoT Library General Stacks 01/03/2022   001.424/GOR1978 IOTL0000037 01/03/2022 1 01/03/2022 Books like text book referance book
    Dewey Decimal Classification     IoT Library IoT Library General Stacks 01/03/2022   001.424/GOR1978 IOTL0000038 01/03/2022 2 01/03/2022 Books like text book referance book
    Dewey Decimal Classification     IoT Library IoT Library General Stacks 01/03/2022   001.424/GOR1978 IOTL0000039 01/03/2022 3 01/03/2022 Books like text book referance book
    Dewey Decimal Classification     IoT Library IoT Library General Stacks 01/03/2022   001.424/GOR1978 IOTL0000040 01/03/2022 4 01/03/2022 Books like text book referance book
    Dewey Decimal Classification     IoT Library IoT Library General Stacks 01/03/2022   001.424/GOR1978 IOTL0000041 01/03/2022 5 01/03/2022 Books like text book referance book
    Dewey Decimal Classification     IoT Library IoT Library General Stacks 01/03/2022   001.424/GOR1978 IOTL0000042 01/03/2022 6 01/03/2022 Books like text book referance book
    Dewey Decimal Classification     IoT Library IoT Library General Stacks 01/03/2022   001.424/GOR1978 IOTL0000043 01/03/2022 7 01/03/2022 Books like text book referance book
    Dewey Decimal Classification     IoT Library IoT Library General Stacks 01/03/2022   001.424/GOR1978 IOTL0000044 01/03/2022 8 01/03/2022 Books like text book referance book
    Dewey Decimal Classification     IoT Library IoT Library General Stacks 01/03/2022   001.424/GOR1978 IOTL0000045 01/03/2022 9 01/03/2022 Books like text book referance book
    Dewey Decimal Classification     IoT Library IoT Library General Stacks 01/03/2022   001.424/GOR1978 IOTL0000046 01/03/2022 10 01/03/2022 Books like text book referance book